Logo

Description automatically generated
विद्यार्जन
 संसाधन केंद्र, भारतीय प्रौद्योगिकी संस्थान इन्दौर
Learning Resource Center, Indian Institute of Technology Indore

ऑनलाइन सार्वजनिक अभिगम प्रसूची
Online Public Access Catalogue (OPAC)

Peace and harmony in daily living : facing life moment to moment, being anchored in tranquility (Record no. 57330)

MARC details
000 -LEADER
fixed length control field 00626nam a2200217Ia 4500
005 - DATE AND TIME OF LATEST TRANSACTION
control field 20260629163255.0
008 - FIXED-LENGTH DATA ELEMENTS--GENERAL INFORMATION
fixed length control field 260629s9999||||xx |||||||||||||| ||und||
020 ## - INTERNATIONAL STANDARD BOOK NUMBER
International Standard Book Number 8190105981
Qualifying information pbk
020 ## - INTERNATIONAL STANDARD BOOK NUMBER
International Standard Book Number 9788190105989
Qualifying information pbk
082 ## - DEWEY DECIMAL CLASSIFICATION NUMBER
Classification number 128
Item number RAM
100 ## - MAIN ENTRY--PERSONAL NAME
Personal name Balsekar, Ramesh S.
245 #0 - TITLE STATEMENT
Title Peace and harmony in daily living : facing life moment to moment, being anchored in tranquility
260 ## - PUBLICATION, DISTRIBUTION, ETC.
Place of publication, distribution, etc. Mumbai
Name of publisher, distributor, etc. Yogi impressions
Date of publication, distribution, etc. 2003
300 ## - PHYSICAL DESCRIPTION
Extent 289p. ; 23cm.
653 ## - INDEX TERM--UNCONTROLLED
Uncontrolled term Conscience
653 ## - INDEX TERM--UNCONTROLLED
Uncontrolled term Consciousness
653 ## - INDEX TERM--UNCONTROLLED
Uncontrolled term Self (Philosophy)
653 ## - INDEX TERM--UNCONTROLLED
Uncontrolled term Truth
700 ## - ADDED ENTRY--PERSONAL NAME
Personal name Waterman, Susan [ed.]
942 ## - ADDED ENTRY ELEMENTS (KOHA)
Koha item type Book
Holdings
Withdrawn status Lost status Damaged status Not for loan Home library Current library Shelving location Date acquired Source of acquisition Total Checkouts Full call number Barcode Date last seen Price effective from Koha item type
        LRC, IIT Indore LRC, IIT Indore 3rd Floor - General Stack 29/06/2026 Gratis Book Price: INR 250.00   128 RAM G2555 29/06/2026 29/06/2026 Book
Copyright © 2017-2026 Indian Institute of Technology Indore. All Rights Reserved.
Managed & maintained by Learning Resource Center, IIT Indore